[Event "Chigorin Memorial Open"]
[Site "St Petersburg RUS"]
[Date "2011.10.18"]
[Round "5.54"]
[White "Harshkou, Mikita"]
[Black "Goganov, Aleksey"]
[Result "1-0"]
[BlackTitle "IM"]
[WhiteElo "2248"]
[BlackElo "2500"]
[WhiteFideId "13504770"]
[BlackFideId "24109959"]
[EventDate "2011.10.14"]

1. d4 e6 2. Nf3 Nf6 3. c4 b6 4. Nc3 Bb4 5. e3 Bb7 6. Bd3 O-O 7. O-O c5 8. a3
Bxc3 9. bxc3 Be4 10. Be2 Nc6 11. Nd2 Bg6 12. f3 d5 13. Nb3 Qc7 14. cxd5 exd5 15.
dxc5 bxc5 16. Nxc5 Rfe8 17. Nb3 Ne7 18. Nd4 Qxc3 19. Bd2 Qb2 20. Bb5 Nf5 21.
Bxe8 Nxd4 22. Bxf7+ Kxf7 23. exd4 Qxd4+ 24. Kh1 Bd3 25. Re1 Re8 26. Bb4 Rxe1+
27. Qxe1 Bc4 28. Rd1 Qb6 29. Qe7+ Kg6 30. Re1 Qf2 31. Bc5 Qd2 32. Qe3 Qxe3 33.
Rxe3 a6 34. Re7 Nh5 35. g3 1-0

[Event "Chigorin Memorial Open"]
[Site "St Petersburg RUS"]
[Date "2011.10.18"]
[Round "5.55"]
[White "Predke, Alexandr"]
[Black "Usmanov, Vasily"]
[Result "1-0"]
[WhiteElo "2461"]
[BlackElo "2238"]
[WhiteFideId "24107581"]
[BlackFideId "4135741"]
[EventDate "2011.10.14"]

1. d4 d5 2. c4 e6 3. Nc3 Be7 4. Nf3 Nf6 5. Bg5 h6 6. Bh4 O-O 7. e3 b6 8. g4 Bb7
9. Bxf6 Bxf6 10. h4 c5 11. g5 cxd4 12. gxf6 dxc3 13. fxg7 Re8 14. Ne5 cxb2 15.
Rb1 Qf6 16. Qd4 dxc4 17. Rg1 Rd8 18. Qxb2 c3 19. Ng4 Qg6 20. Qc2 f5 21. Bc4 Be4
22. Qb3 Kh7 23. g8=Q+ Rxg8 24. Bxe6 Rg7 25. h5 Qg5 26. Qxc3 Kh8 27. Qc8+ Kh7 28.
Nf6+ Qxf6 29. Bg8+ Kh8 30. Bf7+ Kh7 31. Rxg7+ Qxg7 32. Bg6+ Qxg6 33. hxg6+ Kxg6
34. Rd1 1-0

[Event "Chigorin Memorial Open"]
[Site "St Petersburg RUS"]
[Date "2011.10.18"]
[Round "5.57"]
[White "Guzenko, Artem"]
[Black "Ziatdinov, Raset"]
[Result "1-0"]
[BlackTitle "GM"]
[WhiteElo "2216"]
[BlackElo "2415"]
[WhiteFideId "24144460"]
[BlackFideId "2015323"]
[EventDate "2011.10.14"]

1. e4 e5 2. Nf3 Nc6 3. Bb5 a6 4. Ba4 Nf6 5. Qe2 d6 6. c3 Be7 7. O-O O-O 8. h3 b5
9. Bb3 Na5 10. Bc2 c5 11. d4 Nd7 12. Rd1 Qc7 13. d5 c4 14. b4 cxb3 15. axb3 Nb7
16. Be3 Nb6 17. Ne1 f5 18. exf5 Bxf5 19. Bxf5 Rxf5 20. Qc2 g6 21. c4 bxc4 22.
bxc4 Nc5 23. Nd2 Nbd7 24. Ra2 Rff8 25. Nd3 Rfc8 26. Rb1 Nxd3 27. Qxd3 a5 28. Qc3
Bd8 29. Ne4 Ra6 30. Rc2 Nf6 31. Qd3 Nxe4 32. Qxe4 Be7 33. f4 Bf6 34. c5 a4 35.
c6 a3 36. f5 Rca8 37. fxg6 a2 38. Ra1 Ra4 39. Qf5 Bg7 40. Qe6+ Kh8 41. Rcxa2 1-0

[Event "Chigorin Memorial Open"]
[Site "St Petersburg RUS"]
[Date "2011.10.18"]
[Round "5.58"]
[White "Sergienko, Sergey"]
[Black "Prikhodko, Anton"]
[Result "1-0"]
[WhiteTitle "IM"]
[WhiteElo "2415"]
[BlackElo "2214"]
[WhiteFideId "4115791"]
[BlackFideId "24115150"]
[EventDate "2011.10.14"]

1. e4 c5 2. Nf3 a6 3. g3 b5 4. Bg2 Bb7 5. Qe2 e6 6. O-O Nf6 7. d3 Be7 8. Re1 O-O
9. Nbd2 Nc6 10. c3 d5 11. e5 Nd7 12. Nf1 d4 13. h4 Nb6 14. N1h2 dxc3 15. bxc3
Qd5 16. Bf4 Rad8 17. Rad1 c4 18. Qe3 Qc5 19. d4 Qa3 20. Bg5 Nd5 21. Bxe7 Qxe7
22. Qc1 Rc8 23. Ng5 b4 24. Bxd5 exd5 25. Qc2 g6 26. Ng4 Kg7 27. Nf6 h6 28. Nh3
Qd8 29. Nf4 Ne7 30. cxb4 Rc6 31. N4h5+ Kh8 32. Qc1 Nf5 33. g4 gxh5 34. gxf5 Rxf6
35. exf6 Rg8+ 36. Kf1 Qxf6 37. Qf4 Rg4 38. Re8+ Kg7 39. Qe5 Qxe5 40. dxe5 c3 41.
Ke2 Bc6 42. Rc8 Bb5+ 43. Kf3 d4 44. e6 Kf6 45. Re1 fxe6 46. fxe6 Ke7 47. Rc7+
Kd6 48. Rc5 Be8 49. e7 a5 50. Rc8 Bb5 51. bxa5 1-0

[Event "Chigorin Memorial Open"]
[Site "St Petersburg RUS"]
[Date "2011.10.18"]
[Round "5.59"]
[White "Sukhareva, Evgeniya"]
[Black "Tunik, Gennady"]
[Result "0-1"]
[BlackTitle "GM"]
[WhiteElo "2213"]
[BlackElo "2412"]
[WhiteFideId "4167155"]
[BlackFideId "4101219"]
[EventDate "2011.10.14"]

1. d4 Nf6 2. c4 e6 3. Nf3 Bb4+ 4. Nbd2 b6 5. e3 Bb7 6. Bd3 Bxd2+ 7. Bxd2 d6 8.
O-O Nbd7 9. Bc3 Ne4 10. Bxe4 Bxe4 11. Nd2 Bb7 12. e4 O-O 13. Qc2 e5 14. d5 Re8
15. b4 c6 16. a4 cxd5 17. cxd5 f5 18. f3 Nf6 19. Rfc1 Rc8 20. Qd3 Nh5 21. Nf1
fxe4 22. fxe4 Rf8 23. Bd2 Qf6 24. Be3 Qg6 25. Nd2 Nf6 26. Rxc8 Rxc8 27. Ra3 h5
28. a5 bxa5 29. bxa5 a6 30. Rb3 Rc1+ 31. Nf1 Rc7 32. Qb1 Bc8 33. Bb6 Rf7 34. Nd2
h4 35. Qd3 h3 36. g3 Qg4 37. Rb1 Nh7 38. Be3 Rb7 39. Rxb7 Bxb7 40. Qb3 Qe2 0-1

[Event "Chigorin Memorial Open"]
[Site "St Petersburg RUS"]
[Date "2011.10.18"]
[Round "5.60"]
[White "Chehlov, Aleksander"]
[Black "Ponfilenok, Vladimir"]
[Result "1/2-1/2"]
[WhiteTitle "FM"]
[WhiteElo "2211"]
[BlackElo "2402"]
[WhiteFideId "11600632"]
[BlackFideId "24113522"]
[EventDate "2011.10.14"]

1. d4 e6 2. e4 d5 3. Nd2 c5 4. exd5 exd5 5. Bb5+ Bd7 6. Bxd7+ Qxd7 7. Ngf3 Nc6
8. O-O cxd4 9. Nb3 Nf6 10. Nbxd4 Be7 11. c3 O-O 12. Bg5 Rfe8 13. Qd3 Ne4 14.
Bxe7 Rxe7 15. Rad1 Rae8 16. h3 g6 17. Nb3 Ne5 18. Nxe5 Rxe5 19. Nd4 Nf6 20. Rd2
Qa4 21. a3 Qc4 22. Rdd1 a6 23. Qc2 Nh5 24. Qd2 Nf6 25. Rfe1 Re4 26. f3 R4e5 27.
Rxe5 Rxe5 28. Re1 Nd7 29. Rxe5 Nxe5 30. Qe3 Nc6 31. Qe8+ Kg7 32. Nxc6 bxc6 33.
Qe5+ Kg8 34. Qe8+ Kg7 35. Qe5+ Kg8 36. Qe8+ 1/2-1/2

[Event "Chigorin Memorial Open"]
[Site "St Petersburg RUS"]
[Date "2011.10.18"]
[Round "5.61"]
[White "Hayrapetian, Ovik"]
[Black "Yakimenko, Alexander A."]
[Result "1/2-1/2"]
[WhiteTitle "IM"]
[WhiteElo "2398"]
[BlackElo "2211"]
[WhiteFideId "13302639"]
[BlackFideId "24141917"]
[EventDate "2011.10.14"]

1. d4 e6 2. c4 Nf6 3. Nf3 b6 4. g3 Ba6 5. b3 Bb4+ 6. Bd2 Be7 7. Bg2 O-O 8. O-O
Bb7 9. Nc3 Ne4 10. d5 Nxc3 11. Bxc3 Bf6 12. Rc1 d6 13. Qc2 Bxc3 14. Qxc3 e5 15.
e4 Nd7 16. b4 a5 17. a3 Qe7 18. Bh3 Nf6 19. Nd2 Bc8 20. Bg2 axb4 21. axb4 Bd7
22. Ra1 Rfb8 23. Ra3 Qe8 24. Rfa1 Qc8 25. Bf1 c5 26. b5 Ne8 27. f4 f6 28. Kf2
Nc7 29. Be2 Rxa3 30. Rxa3 Ra8 31. f5 Be8 32. g4 Rxa3 33. Qxa3 Qa8 34. Qxa8 Nxa8
35. h4 h6 36. Kg3 Nc7 37. Kh3 Bf7 38. Nf1 Be8 39. Ng3 Bd7 40. Bf1 Be8 41. Bd3
Kf8 42. Nf1 Ke7 43. Be2 Kf8 44. Nh2 Ke7 45. Kg3 Bf7 46. Bf3 Be8 47. g5 hxg5 48.
hxg5 fxg5 49. Kg4 Kf6 50. Be2 g6 51. Bd3 Bd7 52. Nf3 Ne8 53. Nxg5 Bc8 54. Bc2
Bd7 55. Bb1 Kg7 56. Kh4 Bc8 57. Bc2 Kf6 58. Kg4 Bd7 59. Bd3 1/2-1/2

[Event "Chigorin Memorial Open"]
[Site "St Petersburg RUS"]
[Date "2011.10.18"]
[Round "5.62"]
[White "Naboka, Sergey"]
[Black "Solovjov, Sergey I."]
[Result "1-0"]
[BlackTitle "IM"]
[WhiteElo "2210"]
[BlackElo "2398"]
[WhiteFideId "14123452"]
[BlackFideId "4122780"]
[EventDate "2011.10.14"]

1. e4 c5 2. Nf3 Nc6 3. d4 cxd4 4. Nxd4 e5 5. Nb5 d6 6. N1c3 a6 7. Na3 b5 8. Nd5
Nge7 9. Bg5 f6 10. Be3 Nxd5 11. Qxd5 Qd7 12. Be2 Bb7 13. Qd2 Ne7 14. f3 d5 15.
Rd1 d4 16. c3 Nc6 17. Nc2 Rd8 18. cxd4 exd4 19. Bf2 Bc5 20. O-O O-O 21. Rc1 Ne5
22. Rfd1 Nc6 23. Ne1 Bb4 24. Qc2 Qf7 25. a4 Qh5 26. axb5 axb5 27. f4 Qg6 28.
Bxb5 Na5 29. f5 Qg4 30. Bd3 Bd6 31. Qa4 Bf4 32. h3 Qh5 33. Qxa5 Bxc1 34. Rxc1
Qh6 35. Rc7 Ba8 36. Qa7 Rfe8 37. Re7 Kf8 38. Rxe8+ Rxe8 39. Qxd4 Qf4 40. Bc4
Qxe4 41. Qd6+ Qe7 42. Bc5 1-0

[Event "Chigorin Memorial Open"]
[Site "St Petersburg RUS"]
[Date "2011.10.18"]
[Round "5.63"]
[White "Mikhalchenko, Petr"]
[Black "Ivanov, Rostislav"]
[Result "1-0"]
[BlackTitle "FM"]
[WhiteElo "2395"]
[BlackElo "2202"]
[WhiteFideId "4177657"]
[BlackFideId "4160495"]
[EventDate "2011.10.14"]

1. d4 Nf6 2. Nf3 d6 3. c4 g6 4. g3 Bg7 5. Bg2 O-O 6. Nc3 c6 7. h3 Nbd7 8. Be3
Re8 9. O-O Qc7 10. b4 e5 11. d5 a6 12. Qb3 c5 13. Rab1 b6 14. bxc5 bxc5 15. Qa3
Nb6 16. Nd2 Qd8 17. g4 Nfd7 18. Nce4 Bf8 19. g5 a5 20. f4 Ba6 21. Rbc1 f5 22.
gxf6 Nxf6 23. Ng5 Bc8 24. Ne6 Bxe6 25. dxe6 Rc8 26. fxe5 dxe5 27. Rcd1 Rxe6 28.
Ne4 Qe7 29. Rxf6 Rxf6 30. Bg5 Bg7 31. Bxf6 Bxf6 32. Rd6 1-0

[Event "Chigorin Memorial Open"]
[Site "St Petersburg RUS"]
[Date "2011.10.18"]
[Round "5.64"]
[White "Sychev, Klementy"]
[Black "Palchun, Grigory"]
[Result "1-0"]
[WhiteElo "2389"]
[BlackElo "2194"]
[WhiteFideId "4114060"]
[BlackFideId "24147338"]
[EventDate "2011.10.14"]

1. e4 c5 2. Nf3 Nc6 3. d4 cxd4 4. Nxd4 Nf6 5. Nc3 d6 6. h3 g6 7. g4 Bg7 8. Be3
Qa5 9. Nb3 Qd8 10. Qd2 O-O 11. O-O-O a5 12. a3 Bd7 13. Be2 Rb8 14. Bh6 b5 15.
Bxg7 Kxg7 16. g5 Nh5 17. Bxb5 Kg8 18. Qe3 Ne5 19. Bxd7 Nxd7 20. f4 Ra8 21. e5 a4
22. Nd4 Qb6 23. Nd5 1-0

[Event "Chigorin Memorial Open"]
[Site "St Petersburg RUS"]
[Date "2011.10.18"]
[Round "5.65"]
[White "Nikitinyh, Boris"]
[Black "Zozulia, Anna"]
[Result "1/2-1/2"]
[BlackTitle "IM"]
[WhiteElo "2203"]
[BlackElo "2377"]
[WhiteFideId "4198328"]
[BlackFideId "14102110"]
[EventDate "2011.10.14"]

1. e4 c5 2. Nf3 e6 3. Be2 Nc6 4. c4 Nf6 5. Nc3 a6 6. O-O d6 7. d4 cxd4 8. Nxd4
Qc7 9. Be3 Bd7 10. Rc1 Nxd4 11. Bxd4 Be7 12. f4 O-O 13. Kh1 Rac8 14. Qe1 Bc6 15.
Qg3 g6 16. Qe3 Qb8 17. f5 e5 18. Ba7 Qa8 19. Bd3 b5 20. Nd5 Bxd5 21. cxd5 Rxc1
22. Rxc1 gxf5 23. exf5 Nxd5 24. Qg3+ Kh8 25. Be4 Qxa7 26. Bxd5 Qd4 27. Qf3 Qxb2
28. Rd1 Bf6 29. Qh5 Qc2 30. Bb3 Qc7 31. Qh6 Qe7 32. Rd3 Rg8 33. Bd5 Bg5 34. Qh5
e4 35. Rh3 Rg7 36. Rc3 Qf6 37. Rc8+ Rg8 38. Rxg8+ Kxg8 39. Bxf7+ Kg7 40. h4 Bxh4
41. Bb3 Bg5 42. Qg4 Qa1+ 43. Kh2 Qe5+ 44. g3 Qe7 45. Be6 e3 46. Qe4 Qf6 47. Bb3
Qb2+ 48. Kh3 e2 49. f6+ Qxf6 50. Qxe2 Qf5+ 51. Kg2 Qe5 52. Qf3 Qe7 53. Bd5 a5
54. Qc3+ Qe5 55. Qd3 b4 56. Bb3 Bf6 57. Bc2 Qh5 58. Qe4 Be5 59. Qb7+ Qf7 60.
Qxf7+ Kxf7 61. Bxh7 Ke6 62. Bg8+ Kd7 63. Bb3 Kc6 64. Kf3 Kc5 65. g4 Kd4 66. g5
Kd3 67. g6 Bg7 68. Kf4 Kd4 69. Kf5 Be5 70. Ke6 Kc5 71. Kf7 Kb5 72. g7 Bxg7 73.
Kxg7 a4 74. Bf7 b3 75. axb3 a3 76. b4 Kxb4 77. Kf6 Kc5 78. Ba2 Kd4 79. Ke6 Kc3 1/2-1/2

[Event "Chigorin Memorial Open"]
[Site "St Petersburg RUS"]
[Date "2011.10.18"]
[Round "5.67"]
[White "Kobzar, Alexandr"]
[Black "Vastrukhin, Oleg"]
[Result "0-1"]
[WhiteElo "2197"]
[BlackElo "2361"]
[WhiteFideId "14113660"]
[BlackFideId "4192770"]
[EventDate "2011.10.14"]

1. e4 e6 2. d4 d5 3. Nc3 Bb4 4. e5 c5 5. a3 Bxc3+ 6. bxc3 Nc6 7. Qg4 g6 8. Nf3
Bd7 9. Qf4 c4 10. Be2 f5 11. h4 h6 12. g4 Qa5 13. Bd2 fxg4 14. Qxg4 Nge7 15. Nh2
O-O-O 16. Qh3 g5 17. hxg5 hxg5 18. Qg2 Qb6 19. Nf3 Qb2 20. Rc1 Rxh1+ 21. Qxh1
Rg8 22. Qh6 Nf5 23. Qf6 Qxa3 24. Nxg5 Rf8 25. Qg6 Nce7 26. Qh7 a5 27. Bh5 Nc6
28. Rb1 Qe7 29. Qxe7 Nfxe7 30. Ke2 Kc7 31. Bg4 Nd8 32. Rh1 Nec6 33. Rh7 Re8 34.
Bc1 b5 35. f4 b4 36. Bb2 Re7 37. Rh6 Na7 38. cxb4 axb4 39. c3 b3 40. Ba3 Re8 41.
Kd2 Nb5 42. Bc5 b2 43. Rh1 Rh8 44. Bh3 Nf7 45. Kc2 Nxg5 46. fxg5 Nxc3 47. Bd6+
Kc6 48. Kxb2 Ne4 49. g6 Nf2 50. Rh2 Nd3+ 51. Kc3 Rg8 52. Rg2 Nf4 53. Rh2 Rxg6
54. Bf1 Rg3+ 55. Kc2 Kb6 56. Rf2 Ba4+ 57. Kc1 Nd3+ 58. Bxd3 Rxd3 59. Rd2 Rf3 60.
Rb2+ Bb3 61. Rh2 c3 62. Rh1 Kb5 63. Kb1 Rf2 64. Rc1 Kc4 65. Bc5 Ra2 0-1

[Event "Chigorin Memorial Open"]
[Site "St Petersburg RUS"]
[Date "2011.10.18"]
[Round "5.68"]
[White "Yuferev, Oleg"]
[Black "Shaydullina, Sandugach"]
[Result "1-0"]
[WhiteTitle "FM"]
[BlackTitle "WGM"]
[WhiteElo "2351"]
[BlackElo "2191"]
[WhiteFideId "4131720"]
[BlackFideId "4140389"]
[EventDate "2011.10.14"]

1. Nf3 c5 2. c4 g6 3. e4 Bg7 4. d4 Qa5+ 5. Nc3 d6 6. Rb1 Bg4 7. d5 Bxc3+ 8. bxc3
Nf6 9. Qc2 Nxe4 10. Rxb7 Nf6 11. Bh6 Nbd7 12. Rb5 Qa3 13. Bd3 Nb6 14. O-O Bd7
15. Rb3 Qa5 16. Qe2 Ng4 17. Bf4 O-O-O 18. h3 Nf6 19. Qxe7 Nh5 20. Qxd6 Nxf4 21.
Qxf4 f5 22. Ng5 Rdf8 23. Qd6 Re8 24. Nf7 Rhf8 25. Ne5 Rxe5 26. Qxe5 Qxa2 27. Qd6
Qxb3 28. Qxf8+ Kb7 29. Qxc5 Qxc3 30. Be2 Qc2 31. Qe7 Qe4 32. Qxe4 fxe4 33. Rb1
Kc7 34. Ra1 Kb7 35. Ra5 Be8 36. Kf1 Bf7 37. Ke1 Nd7 38. Kd2 Kb6 39. Rb5+ Kc7 40.
Ke3 a6 41. Rb1 g5 42. Kd4 Bg6 43. Ra1 e3 44. fxe3 Kb6 45. e4 Be8 46. Rb1+ Kc7
47. c5 a5 48. e5 Bg6 49. Ra1 Bc2 50. Rxa5 Nf8 51. Ra7+ Kb8 52. Ra2 Bf5 53. c6
Ng6 54. Rb2+ Kc7 55. Rb7+ Kd8 56. d6 Nf4 57. Rb8+ Bc8 58. Bg4 Ke8 59. d7+ 1-0

[Event "Chigorin Memorial Open"]
[Site "St Petersburg RUS"]
[Date "2011.10.18"]
[Round "5.69"]
[White "Butuc, Maria"]
[Black "Shchukin, Dmitry"]
[Result "0-1"]
[WhiteTitle "WIM"]
[BlackTitle "IM"]
[WhiteElo "2183"]
[BlackElo "2344"]
[WhiteFideId "13902911"]
[BlackFideId "4121724"]
[EventDate "2011.10.14"]

1. Nf3 Nf6 2. c4 g6 3. Nc3 Bg7 4. g3 O-O 5. Bg2 d6 6. d4 Nbd7 7. O-O e5 8. h3 a6
9. Re1 c6 10. e4 b5 11. dxe5 Nxe5 12. Nxe5 dxe5 13. Be3 Be6 14. Bc5 Qxd1 15.
Rexd1 Rfc8 16. cxb5 axb5 17. Bd6 Nd7 18. Bf1 Bf8 19. a3 Bxd6 20. Rxd6 b4 21. Nd1
Nc5 22. Rc1 bxa3 23. bxa3 Nxe4 24. Rdxc6 Rxc6 25. Rxc6 Rxa3 26. Bg2 Ra1 27. Bxe4
Rxd1+ 28. Kh2 Re1 29. Bg2 Re2 30. Kg1 Kg7 31. Ra6 g5 32. Ra4 Rd2 33. Ra5 Kf6 34.
Be4 h5 35. Kg2 Rd4 36. Bf3 h4 37. Ra6 hxg3 38. Kxg3 Rd3 39. Kg2 Ke7 40. Ra7+ Kf8
41. Bg4 Bd5+ 42. Kh2 Kg7 43. Rd7 Kg6 44. Rd6+ Kg7 45. Bf5 Rd4 46. Kg3 Be6 47.
Rxd4 exd4 48. Bd3 Kf6 49. Bf1 Ke5 50. f3 Bf5 51. Be2 Bc2 0-1

[Event "Chigorin Memorial Open"]
[Site "St Petersburg RUS"]
[Date "2011.10.18"]
[Round "5.70"]
[White "Ageichenko, Genadi A"]
[Black "Rjanova, Valery"]
[Result "1-0"]
[WhiteTitle "IM"]
[WhiteElo "2343"]
[BlackElo "2187"]
[WhiteFideId "4105222"]
[BlackFideId "24129119"]
[EventDate "2011.10.14"]

1. d4 Nf6 2. Nf3 g6 3. c4 Bg7 4. g3 O-O 5. Bg2 d6 6. O-O Nc6 7. Nc3 a6 8. h3 Bd7
9. Be3 Rb8 10. a3 b5 11. cxb5 axb5 12. b4 e6 13. Qb3 Ne7 14. Bg5 Qc8 15. Rac1
Rb6 16. e4 Qa6 17. Rfe1 Ra8 18. Nb1 Rc8 19. Nbd2 Rb7 20. Rc3 h6 21. Bxf6 Bxf6
22. Rec1 Ra7 23. Qb1 Qb6 24. Qd3 Bg7 25. Nb1 Nc6 26. e5 Rd8 27. Qe4 Ne7 28. h4
Nd5 29. R3c2 Rf8 30. h5 g5 31. Bh3 Qb8 32. Nh2 f5 33. exf6 Nxf6 34. Qg6 Qe8 35.
Rxc7 Rxc7 36. Rxc7 Qxg6 37. hxg6 Rd8 38. Nc3 h5 39. d5 g4 40. dxe6 Bxe6 41. Bf1
Ne8 42. Re7 Bxc3 43. Rxe6 Bb2 44. Re3 Nc7 45. Rb3 Bd4 46. Rd3 Bb2 47. f3 gxf3
48. Nxf3 Kg7 49. Nh4 d5 50. Bg2 Ra8 51. Rf3 Rf8 52. Rb3 Bf6 53. Rd3 Rd8 54. Kf2
Rf8 55. Ke2 Re8+ 56. Kf2 Rf8 57. Bf3 Kh6 58. Kg2 Rd8 59. Rd2 Ra8 60. Rc2 Be5 61.
Rc6 Ne8 62. Re6 Bb2 63. Bxd5 Rd8 64. Bc6 Ng7 65. Re3 Rb8 66. Rb3 Bc1 67. Rd3 Rb6
68. Bd7 Ra6 69. Rd5 Rxa3 70. Rxb5 Ra6 71. Nf5+ Nxf5 72. Bxf5 Rf6 73. Bb1 Bb2 74.
Rb7 Rf8 75. Rh7+ Kg5 76. b5 Bd4 77. Rf7 Rb8 78. Bd3 Kh6 79. Rh7+ Kg5 80. Rd7 Be5
81. Rd5 Kf6 82. Kh3 Ke6 83. Bc4 Kf6 84. Rxe5 Kxe5 85. g7 1-0

[Event "Chigorin Memorial Open"]
[Site "St Petersburg RUS"]
[Date "2011.10.18"]
[Round "5.71"]
[White "Polonovsky, Evgeny"]
[Black "Dimukhametov, Artur"]
[Result "0-1"]
[BlackTitle "FM"]
[WhiteElo "2172"]
[BlackElo "2337"]
[WhiteFideId "4144813"]
[BlackFideId "4195680"]
[EventDate "2011.10.14"]

1. e4 e6 2. d4 d5 3. Nc3 Bb4 4. a3 Bxc3+ 5. bxc3 dxe4 6. f3 b6 7. Nh3 Bb7 8.
fxe4 Bxe4 9. Ng5 Qd5 10. Nxe4 Qxe4+ 11. Be2 Nf6 12. O-O Qg6 13. Bf4 Nbd7 14. Bd3
Qh5 15. Qd2 c6 16. Rf3 O-O 17. Kh1 c5 18. Raf1 Qd5 19. c4 Qc6 20. Rh3 Ne4 21. d5
exd5 22. cxd5 Qg6 23. Bxe4 Qxe4 24. Re3 Qc4 25. Ref3 Rfe8 26. Bh6 f6 27. Bf4 Re2
28. Qd3 Qxd3 29. Rxd3 Rae8 30. Rc3 R8e4 31. h3 Rd4 32. Rd3 Ree4 33. Bc7 Rxd3 34.
cxd3 Rd4 35. d6 Rxd3 36. a4 c4 37. Rc1 Ne5 38. Kg1 Rd2 39. a5 bxa5 40. Ra1 Kf7
41. Rxa5 c3 42. Rxa7 Ke6 43. Bb6 Nc4 0-1

[Event "Chigorin Memorial Open"]
[Site "St Petersburg RUS"]
[Date "2011.10.18"]
[Round "5.73"]
[White "Pogosian, Vladimir"]
[Black "Charochkina, Daria"]
[Result "0-1"]
[BlackTitle "WIM"]
[WhiteElo "2166"]
[BlackElo "2332"]
[WhiteFideId "13301586"]
[BlackFideId "4180917"]
[EventDate "2011.10.14"]

1. c4 e5 2. g3 Nf6 3. Bg2 d5 4. cxd5 Nxd5 5. Nc3 Nb6 6. d3 Be7 7. Be3 O-O 8. Qc1
Nc6 9. h4 f5 10. h5 Be6 11. h6 g5 12. Bxc6 bxc6 13. Nf3 f4 14. gxf4 exf4 15. Bd4
Bg4 16. Ne5 Qxd4 17. Nxg4 f3 18. Qe3 Qxe3 19. fxe3 Nd5 20. Rf1 Rab8 21. Nxd5
cxd5 22. b3 Bb4+ 23. Kd1 f2 24. Rc1 Bd6 25. Rxf2 Rxf2 26. Nxf2 Rf8 27. Ng4 Kf7
28. Kc2 Kg6 29. Kc3 Kh5 30. Rg1 Kh4 31. Kd4 Bg3 32. Ne5 Bxe5+ 33. Kxe5 g4 34.
Kxd5 g3 35. e4 Rd8+ 36. Kc6 Rd6+ 37. Kxc7 Rxh6 38. e5 Kg4 39. d4 Rh2 40. e4 Re2
41. e6 Rxe4 42. d5 h5 43. Rd1 h4 44. Kd8 h3 45. e7 h2 46. d6 g2 47. d7 g1=Q 48.
Rd6 h1=Q 49. e8=Q Qh4+ 50. Kc7 Qc5+ 51. Rc6 0-1

[Event "Chigorin Memorial Open"]
[Site "St Petersburg RUS"]
[Date "2011.10.18"]
[Round "5.75"]
[White "Basencyan, Mark"]
[Black "Tappyrov, Vladimir"]
[Result "1-0"]
[BlackTitle "FM"]
[WhiteElo "2135"]
[BlackElo "2330"]
[WhiteFideId "13300725"]
[BlackFideId "4157184"]
[EventDate "2011.10.14"]

1. d4 d5 2. Nf3 Nf6 3. Bf4 e6 4. e3 Bd6 5. Bg3 Bxg3 6. hxg3 c5 7. c3 Qb6 8. Qc1
Nc6 9. Nbd2 e5 10. Nxe5 Nxe5 11. dxe5 Ng4 12. Nf3 Qe6 13. Bb5+ Bd7 14. Bxd7+
Qxd7 15. Qc2 O-O-O 16. O-O-O h6 17. c4 d4 18. exd4 cxd4 19. Rxd4 Qe6 20. Rd5 Kb8
21. Rhd1 Rc8 22. Kb1 f6 23. Qe2 Qf5+ 24. Ka1 Rhe8 25. Nd4 Qg6 26. e6 Ne5 27. c5
Re7 28. a3 a6 29. f4 Nc6 30. Nf5 Rec7 31. g4 Ne7 32. Nxe7 Rxe7 33. f5 Qe8 34.
Qf3 Qb5 35. Rd7 Ree8 36. Qd5 Ka8 37. Rc1 Rg8 38. Rc3 Rc6 39. Rb3 Qf1+ 40. Ka2
Rb8 41. Rdxb7 1-0

[Event "Chigorin Memorial Open"]
[Site "St Petersburg RUS"]
[Date "2011.10.18"]
[Round "5.76"]
[White "Solovyov, Viktor"]
[Black "Bratus, Petr P"]
[Result "1/2-1/2"]
[WhiteElo "2312"]
[BlackElo "2119"]
[WhiteFideId "4102754"]
[BlackFideId "4168682"]
[EventDate "2011.10.14"]

1. d4 Nf6 2. c4 e6 3. g3 c5 4. d5 exd5 5. cxd5 d6 6. Nc3 g6 7. Bg2 Bg7 8. Nf3
O-O 9. O-O a6 10. a4 Nbd7 11. Bf4 Qc7 12. h3 Nh5 13. Bc1 Rb8 14. a5 Re8 15. Re1
b5 16. axb6 Nxb6 17. g4 Nf6 18. Nd2 h6 19. e4 Qe7 20. Re2 h5 21. g5 Nfd7 22. Nf1
Nc4 23. Qc2 Bd4 24. Kh1 Kh7 25. Ra2 f6 26. gxf6 Qxf6 27. Nd1 Rb4 28. f4 Kg7 29.
Nh2 Qh4 30. b3 Ncb6 31. Ne3 Qf6 32. Bd2 Rb5 33. Nf3 Kg8 34. Bc1 Rb4 35. Nf1 c4
36. bxc4 Rxc4 37. Qd1 Bc5 38. Rac2 Rcxe4 39. Rxe4 Rxe4 40. Ng3 Rxf4 41. Bxf4
Qxf4 42. Qe1 Nf6 43. Ne2 Qe3 44. Qg3 Bf5 45. Rxc5 Qxc5 46. Nfd4 Kf7 47. Nxf5
gxf5 48. Nf4 Qc1+ 49. Kh2 Nbd7 50. Qg6+ Ke7 51. Qxf5 Qe3 52. Nxh5 Nxh5 53. Qh7+
Kd8 54. Qxh5 Qe5+ 55. Qxe5 dxe5 56. Kg3 Nf6 57. Bf1 a5 58. Bc4 a4 59. Kh4 a3 60.
Ba2 Ke7 61. Kg5 Ne4+ 62. Kf5 Nc3 63. Bb3 Kd6 64. h4 Nxd5 65. h5 Ne3+ 66. Kg5 Ng4
67. Kxg4 Ke7 68. Kg5 e4 69. h6 e3 70. h7 e2 71. h8=Q e1=Q 72. Qf6+ Kd7 73. Ba4+
Kc7 74. Qc6+ Kb8 75. Qb6+ Kc8 76. Qc6+ Kb8 77. Qd6+ Ka7 78. Qc7+ Ka6 79. Qc6+
Ka7 80. Qc5+ Kb8 81. Qb6+ Kc8 82. Qa6+ Kb8 83. Qd6+ Ka7 84. Qxa3 Qe5+ 85. Kg6
Kb8 86. Qb4+ Ka7 87. Bb5 Kb6 88. Bd3+ Kc7 89. Qc4+ Kb8 90. Be4 Qd6+ 91. Kf5 Qd7+
92. Kg5 Qg7+ 93. Bg6 Qe5+ 94. Kg4 Qd6 95. Qb3+ Kc7 96. Be4 Qd7+ 97. Kg3 Qd6+ 98.
Kf3 Qf6+ 99. Ke2 Qa6+ 100. Kd2 Qd6+ 101. Kc2 Qc5+ 102. Qc3 Qxc3+ 1/2-1/2

[Event "Chigorin Memorial Open"]
[Site "St Petersburg RUS"]
[Date "2011.10.18"]
[Round "5.77"]
[White "Nedostup, Daniil"]
[Black "Vladimirov, Ivan"]
[Result "1/2-1/2"]
[BlackTitle "FM"]
[WhiteElo "2075"]
[BlackElo "2310"]
[WhiteFideId "24121576"]
[BlackFideId "24105821"]
[EventDate "2011.10.14"]

1. e4 c5 2. Nc3 Nc6 3. g3 g6 4. Bg2 Bg7 5. d3 d6 6. Be3 Nd4 7. Qd2 Qa5 8. f4 e6
9. Nf3 Ne7 10. O-O O-O 11. g4 f5 12. gxf5 exf5 13. Qf2 Nec6 14. h4 fxe4 15. Nxe4
Nf5 16. Bd2 Qd8 17. c3 h6 18. Rae1 Bd7 19. Kh1 b6 20. Bh3 d5 21. Ng3 Qf6 22. Rg1
h5 23. Ng5 Rae8 24. Qf3 Nxg3+ 25. Qxg3 Qd6 26. Ne6 Rf6 27. f5 Qxg3 28. Rxg3 Bxe6
29. fxe6 Rf2 30. Be3 Rxb2 31. Rxg6 Ne5 32. Rg3 Ng4 33. Bxg4 hxg4 34. Bc1 Bxc3
35. Rxg4+ Kh7 36. Rd1 Rb1 1/2-1/2